| 000 | 00853 a2200217 4500 | ||
|---|---|---|---|
| 008 | 080821t xxu||||| |||| 00| 0 eng d | ||
| 010 | _aENG-85046 | ||
| 020 |
_a8131701352 _c600.00 |
||
| 035 | _aEN-68579 | ||
| 037 | _bD.B.Act / Pub | ||
| 082 | _a660.6 | ||
| 100 | _aRao, M. B. | ||
| 245 |
_aBiotechnology, IPRs, and biodiversity _cM.B. Rao, Manjula Guru. |
||
| 260 |
_aNew Delhi : _bDorling Kindersley (India), licensees of Pearson Education in South Asia, _cc2007. |
||
| 300 |
_axii, 229 p. _c24 cm. (Hb) |
||
| 500 | _aIncludes bibliographical references and index | ||
| 650 | _aBiotechnology | ||
| 700 | _aGuru, Manjula. | ||
| 942 |
_adpl _cEN _k660.6 / RAO _2ddc _h660.6 _mRAO |
||
| 999 |
_c944 _d944 |
||